000 01695nam a2200385 i 4500
001 000002005
003 DO-SdBNP
005 20260212090529.0
007 ta
008 090630s2008 dr ac 001 0 spa d
020 _a9789993481393
040 _aDO-SdBNP
_bspa
_cBNPHU
_erda
041 _aspa
082 4 _a972.9304
_bV422c
_222
100 1 _aVega B., Wenceslao,
_d1932-
_eautor
_4aut.
_938670
245 1 3 _aLa constitución de Cádiz y Santo Domingo /
_cWenceslao Vega B. ; presentación, cuidado de edición, José Chez Checo ; coordinación general, Francis Pou de García.
264 1 _aSanto Domingo, República Dominicana :
_bEdiciones Fundación García Arévalo,
_c2008.
300 _a138 páginas :
_bilustraciones, retratos ;
_c23 cm.
336 _atexto
_btxt
_2rdacontent
337 _asin mediación
_bn
_2rdamedia
338 _avolumen
_bnc
_2rdacarrier
490 0 _aSerie Monográfica
_v33
500 _aIncluye datos biográficos del autor en la solapa de la contracubierta
500 _aIncluye tabla de contenido y anexos
505 2 _aLos diputados dominicanos en las Cortes de Cádiz, 1810-1813 -- Presencia de la constitución de Cádiz en la primera ConstiTución Dominicana.
590 _aInventariado,2020/MF
590 _aLa biblioteca posee ejemplares autobiografiados por el autor
651 4 _aRepública Dominicana
_xHiistoria
_yHasta 1844
_96485
651 4 _aRepública Dominicana
_xHistoria constitucional
_96486
651 4 _aEspaña
_xHistoria constitucional
_96487
700 1 _aPou de García, Francis,
_ecoordinador
_4coord.
_96488
700 1 _aChez Checo, José,
_d1949-
_910145
910 _aValidado. Control de calidad MFF
942 _2ddc
_cLBS1
999 _c1871
_d1871